Propagation technique of rubber for a warmer and drier climate (Record no. 65960)

MARC details
000 -LEADER
fixed length control field 00600nam a2200169Ia 4500
100 ## - MAIN ENTRY--AUTHOR NAME
Personal name Soman T.A.
245 #0 - TITLE STATEMENT
Title Propagation technique of rubber for a warmer and drier climate
260 ## - PUBLICATION, DISTRIBUTION, ETC. (IMPRINT)
Name of publisher International Workshop on Climate Change and Rubber Cultivation: R & D Priorities, 28-30 July 2010, Rubber Research Institute of India, Kottayam, pp. 29-31
Year of publication 2010
650 ## - SUBJECT ADDED ENTRY--TOPICAL TERM
Topical Term Climate change
650 ## - SUBJECT ADDED ENTRY--TOPICAL TERM
Topical Term Propagation technique
650 ## - SUBJECT ADDED ENTRY--TOPICAL TERM
Topical Term Root trainer planting
700 ## - ADDED ENTRY--PERSONAL NAME
Personal name Jacob J.
700 ## - ADDED ENTRY--PERSONAL NAME
Personal name Mydin K.K.
700 ## - ADDED ENTRY--PERSONAL NAME
Personal name Suryakumar M.
942 ## - ADDED ENTRY ELEMENTS (KOHA)
Koha item type Journals
Holdings
Withdrawn status Lost status Damaged status Not for loan Home library Current library Shelving location Date acquired Koha item type
      Journals RRII Library RRII Library Climate change 13/08/2010 Journals